TV Shows Abroad (2010s) Quiz Stats

Quiz Updated Jul 14, 2016

Challenge
Share
Tweet
Embed
Score 0/14 Timer 03:00
1 Play Today
% Correct
The Walking Dead
97.3%
2 Broke Girls
93.2%
The Good Wife
91.8%
Cougar Town
90.4%
New Girl
88.8%
The Mentalist
86%
Fringe
84.6%
% Correct
Homeland
82.6%
House of Cards
77.7%
True Detective
64.3%
Glee
62.1%
Community
54.3%
Justified
47.5%
Scandal
44.6%

You're not logged in!

Compare scores with friends on all Sporcle quizzes.
Join for Free
OR
Log In

You Might Also Like...

Show Comments

Extras

Top Quizzes Today


Score Distribution

Your Account Isn't Verified!

In order to create a playlist on Sporcle, you need to verify the email address you used during registration. Go to your Sporcle Settings to finish the process.

Report this User

Report this user for behavior that violates our Community Guidelines.

Details: